Economique

Gardado en:
Detalles Bibliográficos
Autor Principal: Jenofonte (Author)
Formato: Libro
Idioma:francés
grego
Publicado: París Société d'édition Les belles lettres 1949
Series:Collection des Universités de France
Subjects:
Tags: Engadir etiqueta
Sen Etiquetas, Sexa o primeiro en etiquetar este rexistro!

MARC

LEADER 00000nam a2200000 a 4500
001 UCW0149
003 CL-VaPUC
008 891102e19490000FR |||||||||||||||||fre|d
041 0 7 |a fre  |2 CL-VaPUC 
041 0 7 |a gre  |2 CL-VaPUC 
082 0 4 |a 885  |b JEN  |2 21 
100 |a Jenofonte  |e author  |9 335230 
245 1 0 |a Economique 
300 |a 119 p 
942 |c BK 
945 |d 19891102 00:00:00 
260 |a París  |b Société d'édition Les belles lettres  |c 1949 
650 0 |a Oratoria griega  |9 265027 
583 |a last modification  |c 19891102 00:00:00  |k Rodrigo Vera 
490 0 |a Collection des Universités de France 
999 |c 215384  |d 215382 
952 |0 0  |1 0  |4 0  |6 885_000000000000000_JEN_1949  |7 0  |8 P  |9 199636  |a BIBART  |b BIBART  |d 2019-11-14  |i 266884K  |o 885 JEN 1949  |p 266884K  |r 2025-03-13  |w 2019-11-14  |y BK  |k ART